00632nam a2200157 a 450000100100000000500170001000800410002704000250006824500310009326000490012430000210017359000760019404900090027095201780027999900170045700003083320200930062535.0110531s1986 dr 000 0 spa d aDO-SdBNPbspacBNPHU13aEl ser y la nada /cSueko. aSanto domingo :bEditora Carrasquero,c1986. a132 p. ;c23 cm. aPerteneció a la biblioteca personal de Juan Isidro Jimenes Grullón. aBNPD 0010718PDaPDbPDcCTd2011-05-31iLF1l0o p30833-10r2020-06-25w2020-06-25yLFPDzPerteneció a la biblioteca personal de Juan Isidro Jimenes Grullón.ZNo se presta c30325d30325